Оптическая модель газово-аэрозольной среды для выявления над морскими акваториями метана повышенной концентрации; Перспективные системы и задачи управления; Т. 1

Bibliografiske detaljer
Parent link:Перспективные системы и задачи управления: материалы Одиннадцатой всероссийской научно-практической конференции и Седьмой молодёжной школы-семинара "Управление и обработка информации в технических системах", [4-8 апреля 2016 г.].— , 2016
Т. 1.— 2016.— [С. 79-92]
Hovedforfatter: Шефер О. В. Ольга Владимировна
Institution som forfatter: Национальный исследовательский Томский политехнический университет Институт социально-гуманитарных технологий Кафедра истории и регионоведения
Andre forfattere: Войцеховская О. К. Ольга Кузьминична, Каширский Д. Е. Данила Евгеньевич
Summary:Заглавие с экрана
Sprog:russisk
Udgivet: 2016
Serier:Морская роботехника
Fag:
Online adgang:http://www.psct.ru/files/TOM_I_ch.1.pdf#page=80
Format: MixedMaterials Electronisk Book Chapter
KOHA link:https://koha.lib.tpu.ru/cgi-bin/koha/opac-detail.pl?biblionumber=652275

MARC

LEADER 00000naa0a2200000 4500
001 652275
005 20250328134120.0
035 |a (RuTPU)RU\TPU\network\17539 
090 |a 652275 
100 |a 20161212d2016 k y0rusy50 ca 
101 0 |a rus 
102 |a RU 
135 |a drcn ---uucaa 
181 0 |a i  
182 0 |a b 
200 1 |a Оптическая модель газово-аэрозольной среды для выявления над морскими акваториями метана повышенной концентрации  |f О. В. Шефер, О. К. Войцеховская, Д. Е. Каширский 
203 |a Текст  |c электронный 
225 1 |a Морская роботехника 
300 |a Заглавие с экрана 
320 |a [Библиогр.: 24 назв.] 
461 |t Перспективные системы и задачи управления  |o материалы Одиннадцатой всероссийской научно-практической конференции и Седьмой молодёжной школы-семинара "Управление и обработка информации в технических системах", [4-8 апреля 2016 г.]  |d 2016 
463 |t Т. 1  |v [С. 79-92]  |d 2016 
610 1 |a электронный ресурс 
610 1 |a труды учёных ТПУ 
610 1 |a морские акватории 
610 1 |a газово-аэрозольная среда 
610 1 |a метан 
700 1 |a Шефер  |b О. В.  |c специалист в области информатики и вычислительной техники  |c доцент Томского политехнического университета, кандидат физико-математических наук  |f 1960-  |g Ольга Владимировна  |3 (RuTPU)RU\TPU\pers\28734  |9 13525 
701 1 |a Войцеховская  |b О. К.  |g Ольга Кузьминична 
701 1 |a Каширский  |b Д. Е.  |g Данила Евгеньевич 
712 0 2 |a Национальный исследовательский Томский политехнический университет  |b Институт социально-гуманитарных технологий  |b Кафедра истории и регионоведения  |3 (RuTPU)RU\TPU\col\18372  |9 27009 
801 1 |a RU  |b 63413507  |c 20141010 
801 2 |a RU  |b 63413507  |c 20161212  |g RCR 
856 4 |u http://www.psct.ru/files/TOM_I_ch.1.pdf#page=80 
942 |c CF